| 000 | 00361nam a22001457a 4500 | ||
|---|---|---|---|
| 008 | 240205b ||||| |||| 00| 0 eng d | ||
| 020 | _a6115344 | ||
| 041 | _aeng | ||
| 080 |
_2REPRINTED 1961,,1963,,1964,,1965 _a617 |
||
| 082 | _a617DRI | ||
| 100 | _a11 | ||
| 101 | _aANESTHESIA | ||
| 245 |
_aINTRODUCTION TO ANESTHESIA _cROBERT .D .DRIPPS |
||
| 942 |
_2udc _cBK |
||
| 999 |
_c60570 _d60570 |
||